000 00390nam a2200169Ia 4500
008 210210b1942 xxu||||| |||| 00| 0 eng d
041 _aeng
082 _a822/395
100 _aELIOT (T S)
245 _aIntroducing james joyce
260 _aLondon
_bFaber & Faber
_c1942
650 _ajoyce
650 _ajames
650 _aIntroducing
690 _aEnglish Prose
906 _a012581
999 _c131387
_d131387